| 000 | 00557nam a22001817a 4500 | ||
|---|---|---|---|
| 999 |
_c190428 _d190428 |
||
| 005 | 20220725164706.0 | ||
| 010 | _aENG-133933 | ||
| 020 |
_a9789390663156 _c480.00 |
||
| 035 | _aEN-117465 | ||
| 037 | _bDBAD/PUB | ||
| 082 | _a881 | ||
| 100 | _aKhadun, Pramila | ||
| 245 |
_aPushpanjali: _bA World Literature India Publication/ _cPramila Khadun |
||
| 260 |
_aGurugram _bGlobal Fraternity of Poets _c2021 |
||
| 270 |
_aH-23/16, DLF Phase-I _bGurugram _e122002 _k0124-4054392 |
||
| 300 |
_axv;199p. _c21cm(pbk) |
||
| 942 |
_2ddc _cEN _mKHA _h881 |
||